Principles of engineering mechanics / (Record no. 9903)
[ view plain ]
| 000 -LEADER | |
|---|---|
| fixed length control field | 00480cam a2200181ua 4500 |
| 020 ## - INTERNATIONAL STANDARD BOOK NUMBER | |
| ISBN | 0 7131 34178 |
| 041 ## - LANGUAGE CODE | |
| Language code of text/sound track or separate title | eng |
| 082 ## - DEWEY DECIMAL CLASSIFICATION NUMBER | |
| Classification number | 620.101 |
| Item number | HAR/PR |
| 100 ## - MAIN ENTRY--AUTHOR NAME | |
| Personal name | Harrison, H R . |
| 245 ## - TITLE STATEMENT | |
| Title | Principles of engineering mechanics / |
| 260 ## - PUBLICATION, DISTRIBUTION, ETC. (IMPRINT) | |
| Place of publication | : |
| Name of publisher | ELBS with Blackwell scientific publishers , |
| Year of publication | 1978. |
| 300 ## - PHYSICAL DESCRIPTION | |
| Number of Pages | 255 ; . |
| 700 1# - ADDED ENTRY--PERSONAL NAME | |
| Personal name | Nettletton, T . |
| 942 ## - ADDED ENTRY ELEMENTS (KOHA) | |
| Koha item type | Books |
| Withdrawn status | Lost status | Damaged status | Home library | Current library | Date acquired | Full call number | Accession Number | Koha item type |
|---|---|---|---|---|---|---|---|---|
| Withdrawn | Damaged | KAUAET | 07/04/2012 | 620.101 | 15923 | Books | ||
| Withdrawn | Damaged | KAUAET | KAUAET | 07/04/2012 | 620.101 | 15922 | Books |
